Normal view MARC view
  • Nrich

Entry Personal Name

Number of records used in: 1

001 - CONTROL NUMBER

  • control field: 6687

003 - CONTROL NUMBER IDENTIFIER

  • control field: OSt

005 - DATE AND TIME OF LATEST TRANSACTION

  • control field: 20180306121539.0

008 - FIXED-LENGTH DATA ELEMENTS

  • fixed length control field: 180306|| aca||aabn | a|a d

040 ## - CATALOGING SOURCE

  • Original cataloging agency: OSt
  • Transcribing agency: OSt

100 ## - HEADING--PERSONAL NAME

  • Personal name: Nrich

670 ## - SOURCE DATA FOUND

  • Source citation: Work cat.: (OSt): Nrich, A Guide to Perfect Genius

Powered by Koha